Statystyki dla quiz z minecraft

Kliknij tutaj aby rozwiązać quiz!

Ogólne statystyki

  • Ten quiz został rozwiązany 470 razy
  • Średni wynik to 12 z 14

Statystyki odpowiedzi

PytanieOdpowiedź% Poprawnych
Który mob jest większy enderman czy zombie?enderman
99%
Który mob jest większy krowa czy kurczak?krowa
99%
Ile serc ma gracz w minecraft?10
97%
Czy minecraft ma ponad 5 lat?tak
97%
Co jest w stanie zamienić lawe w obsydian?woda
94%
Ile trybów gry (np. survival) jest w minecraft?5
92%
Ile żelaza jest potrzebne aby wytworzyć cała żelazną zbroje?24
89%
Ruda wykorzystywana do tworzenia mechanizmówredstone
88%
Ile kolorów wełny jest w minecraft?16
87%
Ile HP ma gracz w minecraft?20
87%
Mob który może mieć wiele kolorów to...owca
83%
Najmniejszy Czerwony kwiat w minecraft nazywa sie?mak
68%
Który efekt w minecraft bije nas aż nasze nasze hp nie będzie wynosiło 1poison
62%
Jakiego moba dodała aktualizacja 1.15?pszczoły
50%

Rozkład punktacji

Percentyl według liczby udzielonych odpowiedzi

Procent ludzi z każdym wynikiem

Twoja historia wyników

Nie rozwiązałeś tego quizu